| 000 | 00771 a2200217 4500 | ||
|---|---|---|---|
| 010 | _aENG-89899 | ||
| 020 |
_a8180901065 _c400.00 |
||
| 035 | _aEN-73432 | ||
| 037 | _bDBAD / PUB | ||
| 082 | 1 | 4 | _a954.01 |
| 090 |
_c11940 _d11940 |
||
| 100 | 1 | _aGupta, Ram Prasad Das | |
| 245 | 1 |
_aCrime and punishment in Ancient India/ _cby Ram Prasad Das Gupta |
|
| 250 | _arev. ed | ||
| 260 |
_aDelhi _bBharatiya Kala Prakashan _c2007 |
||
| 270 |
_a3421-A, IInd Floor, Narang Colony, Tri Nagar _bDelhi _cDelhi _e110035 _k27393083, 30967505 |
||
| 300 |
_axii, 244p. _c21 cm. (Hb) |
||
| 500 | _aIncludes bibliographical references & index. | ||
| 942 |
_adpl _cEN _k954.01 / GUP |
||
| 999 |
_c11586 _d11586 |
||